[Event "IX IBCA World Team Ch. for the Blind an"]
[Site "Ohrid, North Macedonia"]
[Date "2022.07.06"]
[Round "1.2"]
[White "Shepelev, Igor"]
[Black "Jandric, Damjan"]
[Result "0-1"]
[WhiteElo "2090"]
[BlackElo "2145"]
[PlyCount "86"]
[EventDate "2022.07.06"]
[EventType "team"]
[EventRounds "1"]
[EventCountry "MKD"]
[WhiteTeam "Ukraine"]
[BlackTeam "Serbia"]
[WhiteTeamCountry "UKR"]
[BlackTeamCountry "SRB"]

1. d4 Nf6 2. c4 g6 3. Nc3 Bg7 4. e4 d6 5. Nf3 O-O 6. Be2 e5 7. d5 a5 8. Bg5 h6
9. Bh4 Na6 10. Nd2 Nc5 11. f3 Bd7 12. b3 Qe8 13. a3 Nh7 14. O-O h5 15. b4 axb4
16. axb4 Rxa1 17. Qxa1 Na6 18. Qa3 Bh6 19. Nb3 Be3+ 20. Bf2 Bxf2+ 21. Rxf2 Qe7
22. c5 dxc5 23. bxc5 Bc8 24. d6 cxd6 25. Nd5 Qg5 26. cxd6 Nf6 27. Ne7+ Kg7 28.
Bxa6 bxa6 29. Nc5 Rd8 30. Nxc8 Rxc8 31. d7 Rb8 32. d8=Q Rxd8 33. Ne6+ fxe6 34.
Qe7+ Kh6 35. Qxd8 Qc1+ 36. Rf1 Qc5+ 37. Kh1 Nh7 38. h4 Qe3 39. Rd1 Qf4 40. Qd2
Kg7 41. Qf2 Nf6 42. Re1 Ng4 43. Qg1 Qg3 0-1

[Event "IX IBCA World Team Ch. for the Blind an"]
[Site "Ohrid, North Macedonia"]
[Date "2022.07.06"]
[Round "1.3"]
[White "Janjic, Stefan"]
[Black "Zsiltzova-Lisenko, Lubov"]
[Result "1-0"]
[WhiteElo "2144"]
[BlackElo "2165"]
[PlyCount "95"]
[EventDate "2022.07.06"]
[EventType "team"]
[EventRounds "1"]
[EventCountry "MKD"]
[WhiteTeam "Serbia"]
[BlackTeam "Ukraine"]
[WhiteTeamCountry "SRB"]
[BlackTeamCountry "UKR"]

1. d4 d5 2. c4 dxc4 3. Nf3 Nf6 4. e3 Bg4 5. Bxc4 e6 6. h3 Bh5 7. O-O a6 8. Be2
Nc6 9. Nbd2 Be7 10. a3 O-O 11. b4 a5 12. b5 Nb8 13. Bb2 Nbd7 14. Rc1 Nb6 15.
Nc4 Nxc4 16. Rxc4 Nd5 17. Ne5 Bxe2 18. Qxe2 Bd6 19. Rc2 Qe7 20. Nc4 Qd7 21. e4
Nb6 22. Nxb6 cxb6 23. a4 Rac8 24. Rfc1 Bf4 25. Rxc8 Rxc8 26. Rxc8+ Qxc8 27. Qf3
Bc1 28. Qc3 Qxc3 29. Bxc3 Ba3 30. Kf1 Kf8 31. Ke2 Ke7 32. Kd3 f6 33. Bd2 e5 34.
Be3 exd4 35. Bxd4 Bc5 36. Kc4 Kd6 37. f4 Bb4 38. Bxb6 Bd2 39. f5 Be1 40. Kd3
Bb4 41. Kd4 Be1 42. Bc5+ Kd7 43. Kd5 g6 44. g4 gxf5 45. gxf5 Bg3 46. Bb6 Be1
47. Bd4 Bh4 48. Bc3 1-0

[Event "IX IBCA World Team Ch. for the Blind an"]
[Site "Ohrid, North Macedonia"]
[Date "2022.07.06"]
[Round "1.4"]
[White "Yatsishin, Ivan"]
[Black "Bjelanovic, Mile"]
[Result "1/2-1/2"]
[WhiteElo "2029"]
[BlackElo "2015"]
[PlyCount "81"]
[EventDate "2022.07.06"]
[EventType "team"]
[EventRounds "1"]
[EventCountry "MKD"]
[WhiteTeam "Ukraine"]
[BlackTeam "Serbia"]
[WhiteTeamCountry "UKR"]
[BlackTeamCountry "SRB"]

1. e4 c5 2. Nf3 d6 3. d4 cxd4 4. Nxd4 Nf6 5. Nc3 a6 6. Be3 e5 7. Nb3 Be6 8. Qd2
Be7 9. f3 O-O 10. O-O-O Nbd7 11. g4 b5 12. g5 Nh5 13. Kb1 Nb6 14. Nd5 Nxd5 15.
exd5 Bd7 16. Rg1 Qc7 17. Bd3 g6 18. f4 exf4 19. Bxf4 a5 20. Nd4 b4 21. Rge1 Bd8
22. Nb5 Bxb5 23. Bxb5 Nxf4 24. Qxf4 Qc5 25. Bc6 Ra7 26. h4 f6 27. Rf1 Raf7 28.
Qg4 fxg5 29. Rxf7 Rxf7 30. hxg5 Qe3 31. Qc8 Qxg5 32. Be8 Rf8 33. Bd7 Kg7 34.
Be6 Qe7 35. Qc4 Qc7 36. Qe2 Qc5 37. Bg4 Rf2 38. Qe4 Bf6 39. Be2 a4 40. Qe6 Be5
41. Qe7+ 1/2-1/2

[Event "IX IBCA World Team Ch. for the Blind an"]
[Site "Ohrid, North Macedonia"]
[Date "2022.07.06"]
[Round "1.1"]
[White "Zambo, Zoltan Istvan"]
[Black "Streltsov, Alexey"]
[Result "0-1"]
[WhiteElo "2326"]
[BlackElo "2229"]
[PlyCount "72"]
[EventDate "2022.07.06"]
[EventType "team"]
[EventRounds "1"]
[EventCountry "MKD"]
[WhiteTeam "Hungary"]
[BlackTeam "Israel"]
[WhiteTeamCountry "HUN"]
[BlackTeamCountry "ISR"]

1. d4 d5 2. Nf3 Nf6 3. c4 dxc4 4. e3 e6 5. Bxc4 c5 6. O-O a6 7. Qe2 b5 8. Bd3
Bb7 9. Rd1 Nbd7 10. a4 Be7 11. Bc2 O-O 12. e4 Qb6 13. e5 Nd5 14. Nc3 Nb4 15.
Be4 Bxe4 16. Qxe4 f5 17. exf6 Nxf6 18. Qe2 Nfd5 19. a5 Qc6 20. Re1 Bf6 21. Bg5
Bxg5 22. Nxg5 Nf4 23. Qf1 Nc2 24. Nxe6 Nxe1 25. Rxe1 cxd4 26. Nxd4 Qg6 27. g3
Rad8 28. Re4 b4 29. Qc4+ Kh8 30. Qxb4 Nd3 31. Qb6 Rd6 32. Qc7 Nxf2 33. Qe7 Rdf6
34. Re6 Nh3+ 35. Kh1 Rf1+ 36. Kg2 Qg4 0-1

[Event "IX IBCA World Team Ch. for the Blind an"]
[Site "Ohrid, North Macedonia"]
[Date "2022.07.06"]
[Round "1.2"]
[White "Radovilsky, Yan"]
[Black "Gyorkos, Lajos"]
[Result "1/2-1/2"]
[WhiteElo "2094"]
[BlackElo "2254"]
[PlyCount "31"]
[EventDate "2022.07.06"]
[EventType "team"]
[EventRounds "1"]
[EventCountry "MKD"]
[WhiteTeam "Israel"]
[BlackTeam "Hungary"]
[WhiteTeamCountry "ISR"]
[BlackTeamCountry "HUN"]

1. c4 g6 2. Nc3 c5 3. d4 cxd4 4. Qxd4 Nf6 5. Bg5 Nc6 6. Qd2 Bg7 7. e4 h6 8. Bf4
g5 9. Bg3 Nh5 10. Be2 Nxg3 11. hxg3 d6 12. Nh3 Qa5 13. g4 Nd4 14. Bd1 Be6 15.
Nd5 Qxd2+ 16. Kxd2 1/2-1/2

[Event "IX IBCA World Team Ch. for the Blind an"]
[Site "Ohrid, North Macedonia"]
[Date "2022.07.06"]
[Round "1.3"]
[White "Kovacs, Apollo"]
[Black "Akman, Adi"]
[Result "1-0"]
[WhiteElo "2105"]
[BlackElo "2002"]
[PlyCount "85"]
[EventDate "2022.07.06"]
[EventType "team"]
[EventRounds "1"]
[EventCountry "MKD"]
[WhiteTeam "Hungary"]
[BlackTeam "Israel"]
[WhiteTeamCountry "HUN"]
[BlackTeamCountry "ISR"]

1. d4 Nf6 2. Nf3 g6 3. Bf4 d6 4. h3 Bg7 5. e3 O-O 6. Nbd2 Nbd7 7. Be2 Qe8 8.
O-O e5 9. dxe5 dxe5 10. Bh2 Qe7 11. c3 Rd8 12. Qc2 b6 13. Nc4 Ne8 14. Rfd1 Bb7
15. b4 f5 16. a4 a6 17. Rd2 e4 18. Nd4 Ne5 19. Rad1 Kh8 20. Bg3 Nd6 21. Nxd6
Rxd6 22. c4 Rf8 23. c5 Rdd8 24. c6 Bc8 25. Qb3 g5 26. Bxe5 Bxe5 27. Bc4 Rd6 28.
b5 a5 29. Qc2 Rh6 30. Ne2 g4 31. Nf4 gxh3 32. g3 h2+ 33. Kh1 Qg7 34. Rd8 Bd6
35. Rxf8+ Qxf8 36. Qc3+ Qg7 37. Qd2 Qe5 38. Ba2 Rf6 39. Kxh2 h5 40. Kg2 Rh6 41.
Rh1 h4 42. Rxh4 Rxh4 43. Ng6+ 1-0

[Event "IX IBCA World Team Ch. for the Blind an"]
[Site "Ohrid, North Macedonia"]
[Date "2022.07.06"]
[Round "1.4"]
[White "Agmon, Yonatan"]
[Black "Vojan, Istvan"]
[Result "1/2-1/2"]
[WhiteElo "1697"]
[BlackElo "1801"]
[PlyCount "90"]
[EventDate "2022.07.06"]
[EventType "team"]
[EventRounds "1"]
[EventCountry "MKD"]
[WhiteTeam "Israel"]
[BlackTeam "Hungary"]
[WhiteTeamCountry "ISR"]
[BlackTeamCountry "HUN"]

1. Nf3 d5 2. g3 c5 3. Bg2 Nf6 4. O-O Nc6 5. d4 Bg4 6. c3 e6 7. Nbd2 Be7 8. Re1
O-O 9. h3 Bh5 10. Nb3 b6 11. Bf4 Rc8 12. Rc1 Ne4 13. Ne5 f5 14. f3 Nf6 15. Qc2
cxd4 16. Nxc6 Rxc6 17. Nxd4 Bc5 18. Qd3 Bg6 19. Kh1 Bxd4 20. cxd4 Qd7 21. Rxc6
Qxc6 22. Rc1 Qa4 23. a3 Be8 24. e3 Bb5 25. Qc2 Qxc2 26. Rxc2 Bc4 27. Rc3 Rd8
28. Kg1 Ne8 29. b3 Ba6 30. Be5 Kf7 31. Kf2 g6 32. Rc6 Bb7 33. Rc3 Rc8 34. Rxc8
Bxc8 35. Bf1 Bd7 36. Ba6 Ke7 37. Be2 Kd8 38. Ke1 Nc7 39. Bd3 Kc8 40. Bxc7 Kxc7
41. Kd2 b5 42. Kc3 a5 43. h4 Bc6 44. f4 Kb6 45. b4 a4 1/2-1/2

[Event "IX IBCA World Team Ch. for the Blind an"]
[Site "Ohrid, North Macedonia"]
[Date "2022.07.06"]
[Round "1.1"]
[White "Somender, B L."]
[Black "Pribeanu, Mihail-Dacian"]
[Result "0-1"]
[WhiteElo "1491"]
[BlackElo "2175"]
[PlyCount "68"]
[EventDate "2022.07.06"]
[EventType "team"]
[EventRounds "1"]
[EventCountry "MKD"]
[WhiteTeam "India"]
[BlackTeam "Romania"]
[WhiteTeamCountry "IND"]
[BlackTeamCountry "ROU"]

1. d4 Nf6 2. c4 g6 3. Nc3 Bg7 4. Nf3 O-O 5. Bg5 d6 6. e3 b6 7. Be2 Bb7 8. Qc2
Nbd7 9. O-O a6 10. b4 Qe8 11. a4 a5 12. b5 e5 13. Rfe1 h6 14. Bh4 g5 15. Bg3
Qe7 16. Rad1 Nh5 17. Nd5 Bxd5 18. cxd5 Nxg3 19. hxg3 e4 20. Nd2 Nf6 21. Qc4 g4
22. Rc1 Rac8 23. Rc3 h5 24. Rec1 Ne8 25. Qb3 f5 26. Qd1 Bh6 27. Nc4 Rd8 28. Nd2
Rf7 29. Nf1 Rd7 30. Nh2 Rh7 31. Nf1 Bf8 32. R1c2 Qg7 33. f3 gxf3 34. gxf3 h4
0-1

[Event "IX IBCA World Team Ch. for the Blind an"]
[Site "Ohrid, North Macedonia"]
[Date "2022.07.06"]
[Round "1.2"]
[White "Bratu, Gheorghe"]
[Black "Soundarya, Kumar Pradhan"]
[Result "1/2-1/2"]
[WhiteElo "1702"]
[BlackElo "1782"]
[PlyCount "36"]
[EventDate "2022.07.06"]
[EventType "team"]
[EventRounds "1"]
[EventCountry "MKD"]
[WhiteTeam "Romania"]
[BlackTeam "India"]
[WhiteTeamCountry "ROU"]
[BlackTeamCountry "IND"]

1. Nf3 d5 2. g3 g6 3. Bg2 Bg7 4. d4 c6 5. O-O Nf6 6. c4 dxc4 7. a4 O-O 8. Qc2
Bf5 9. Qxc4 Qc8 10. Re1 a5 11. Nc3 Ne4 12. Nxe4 Bxe4 13. Bf4 Nd7 14. Rad1 Nb6
15. Qb3 Nd5 16. Be3 Ra6 17. Bc1 Rb6 18. Qa3 Nb4 1/2-1/2

[Event "IX IBCA World Team Ch. for the Blind an"]
[Site "Ohrid, North Macedonia"]
[Date "2022.07.06"]
[Round "1.3"]
[White "Kishan, Gangolli"]
[Black "Dima, Mihai"]
[Result "1-0"]
[WhiteElo "2092"]
[BlackElo "1981"]
[PlyCount "59"]
[EventDate "2022.07.06"]
[EventType "team"]
[EventRounds "1"]
[EventCountry "MKD"]
[WhiteTeam "India"]
[BlackTeam "Romania"]
[WhiteTeamCountry "IND"]
[BlackTeamCountry "ROU"]

1. d4 d5 2. c4 e6 3. Nf3 c6 4. g3 f5 5. Bg2 Nf6 6. O-O Bd6 7. b3 Qe7 8. Ne5
Nbd7 9. Nd3 O-O 10. Bf4 Bxf4 11. Nxf4 dxc4 12. bxc4 e5 13. dxe5 Nxe5 14. Nd2 g5
15. Nd3 Rd8 16. Nxe5 Qxe5 17. Nf3 Qe7 18. Qc2 g4 19. Ne1 Be6 20. Nd3 Rd4 21. c5
Rc4 22. Qb2 Bd5 23. Rab1 Rb8 24. Rfc1 Rxc1+ 25. Qxc1 Bxg2 26. Kxg2 Re8 27. Qg5+
Kf7 28. Qxf5 Qxe2 29. Rxb7+ Re7 30. Ne5+ 1-0

[Event "IX IBCA World Team Ch. for the Blind an"]
[Site "Ohrid, North Macedonia"]
[Date "2022.07.06"]
[Round "1.4"]
[White "Strete, Ciprian-Iulian"]
[Black "Swapanil, Shah"]
[Result "0-1"]
[WhiteElo "1763"]
[BlackElo "1652"]
[PlyCount "89"]
[EventDate "2022.07.06"]
[EventType "team"]
[EventRounds "1"]
[EventCountry "MKD"]
[WhiteTeam "Romania"]
[BlackTeam "India"]
[WhiteTeamCountry "ROU"]
[BlackTeamCountry "IND"]

1. d4 d5 2. c4 e6 3. Nc3 Nf6 4. h3 c6 5. cxd5 cxd5 6. Bf4 Bd6 7. Bxd6 Qxd6 8.
e3 a6 9. a3 Nbd7 10. Bd3 b6 11. Nf3 Bb7 12. O-O O-O 13. Rc1 Rac8 14. Qe2 b5 15.
b4 Ne4 16. Nb1 f5 17. Bxe4 dxe4 18. Nh2 Nb6 19. Nd2 Bd5 20. Rc5 Na4 21. Rcc1
Nc3 22. Qe1 Rc7 23. Kh1 Rfc8 24. f3 exf3 25. Nhxf3 Ne4 26. Rxc7 Rxc7 27. Nxe4
Bxe4 28. Ng5 Bb7 29. Qh4 h6 30. Nxe6 Rc2 31. Nf4 g5 32. Qg3 Kh7 33. Rf2 Rxf2
34. Qxf2 gxf4 35. Qxf4 Qxf4 36. exf4 Kg6 37. Kh2 Kf6 38. g4 Bc8 39. Kg3 Be6 40.
Kh4 Kg6 41. Kg3 Bf7 42. Kf3 Kf6 43. Ke3 Ke6 44. gxf5+ Kxf5 45. Kf3 0-1

[Event "IX IBCA World Team Ch. for the Blind an"]
[Site "Ohrid, North Macedonia"]
[Date "2022.07.06"]
[Round "1.1"]
[White "Mueller, Thorsten"]
[Black "Nizam, Rasim"]
[Result "1/2-1/2"]
[WhiteElo "2056"]
[BlackElo "2168"]
[PlyCount "76"]
[EventDate "2022.07.06"]
[EventType "team"]
[EventRounds "1"]
[EventCountry "MKD"]
[WhiteTeam "Germany"]
[BlackTeam "Bulgaria"]
[WhiteTeamCountry "GER"]
[BlackTeamCountry "BUL"]

1. d4 Nf6 2. Nf3 e6 3. Bf4 c5 4. e3 cxd4 5. exd4 b6 6. Bd3 Ba6 7. O-O Be7 8.
Re1 O-O 9. c3 Bxd3 10. Qxd3 Nc6 11. Ne5 Qc8 12. Qf3 d5 13. Nd2 b5 14. h3 Na5
15. Rab1 Nc4 16. Ndxc4 bxc4 17. b3 cxb3 18. axb3 Bd6 19. c4 Bxe5 20. dxe5 Ne4
21. Rec1 Qb7 22. cxd5 exd5 23. Qg4 Rac8 24. Bh6 f5 25. exf6 Nxf6 26. Qe6+ Kh8
27. Rxc8 Qxc8 28. Qxc8 Rxc8 29. Be3 a6 30. Ra1 Rc6 31. Kf1 Kg8 32. Ke2 Kf7 33.
Kd3 g6 34. f3 Ke6 35. Kd4 Rb6 36. Kc3 Rc6+ 37. Kd3 Ne8 38. Bf4 Nd6 1/2-1/2

[Event "IX IBCA World Team Ch. for the Blind an"]
[Site "Ohrid, North Macedonia"]
[Date "2022.07.06"]
[Round "1.2"]
[White "Ivanov, Ljubomir"]
[Black "Schellmann, Frank"]
[Result "0-1"]
[WhiteElo "1792"]
[BlackElo "2009"]
[PlyCount "41"]
[EventDate "2022.07.06"]
[EventType "team"]
[EventRounds "1"]
[EventCountry "MKD"]
[WhiteTeam "Bulgaria"]
[BlackTeam "Germany"]
[WhiteTeamCountry "BUL"]
[BlackTeamCountry "GER"]

1. d4 f5 2. c4 Nf6 3. Nc3 d6 4. g3 g6 5. Bg2 Bg7 6. e4 fxe4 7. Nxe4 Nxe4 8.
Bxe4 Nc6 9. Ne2 O-O 10. Be3 e5 11. d5 Ne7 12. Qd2 Bg4 13. h3 Bf3 14. Bxf3 Rxf3
15. Nc3 Qf8 16. Ne4 b5 17. Qe2 Rf7 18. cxb5 Nf5 19. Qc4 Nd4 20. Bxd4 exd4 21.
a4 0-1

[Event "IX IBCA World Team Ch. for the Blind an"]
[Site "Ohrid, North Macedonia"]
[Date "2022.07.06"]
[Round "1.3"]
[White "Schulz, Gert"]
[Black "Georgiev, Todor St."]
[Result "1-0"]
[WhiteElo "1931"]
[BlackElo "1795"]
[PlyCount "176"]
[EventDate "2022.07.06"]
[EventType "team"]
[EventRounds "1"]
[EventCountry "MKD"]
[WhiteTeam "Germany"]
[BlackTeam "Bulgaria"]
[WhiteTeamCountry "GER"]
[BlackTeamCountry "BUL"]

1. d4 e6 2. c4 Nf6 3. Nc3 d5 4. cxd5 exd5 5. Bg5 Bb4 6. Qb3 Bxc3+ 7. bxc3 c6 8.
e3 Nbd7 9. Nf3 O-O 10. Be2 Qa5 11. O-O Ne4 12. Rfc1 Nxg5 13. Nxg5 Nf6 14. Nf3
Qc7 15. c4 dxc4 16. Bxc4 Ne4 17. d5 c5 18. Bd3 Nf6 19. e4 Nd7 20. Qc3 f6 21.
Bc4 Qd6 22. Bb5 b6 23. Nd2 Ne5 24. f4 Nf7 25. Rf1 Bb7 26. Bc4 Rfe8 27. Rae1 Re7
28. Qg3 Kh8 29. Qh4 Rae8 30. Bb5 Rd8 31. Bd3 h6 32. Qh5 Kg8 33. Qg6 Nh8 34. Qh5
Nf7 35. Nc4 Qd7 36. Ne3 Qe8 37. Nf5 Nd6 38. Nxe7+ Qxe7 39. e5 Nf7 40. d6 Qe6
41. Qg6 Kf8 42. Bf5 Qxa2 43. exf6 gxf6 44. Be6 Qxg2+ 45. Qxg2 Bxg2 46. Kxg2
Nxd6 47. Ra1 a5 48. Rfb1 b5 49. Rxa5 f5 50. Rba1 Ke7 51. Bd5 c4 52. Bc6 b4 53.
Ra7+ Ke6 54. Bd5+ Kf6 55. Bxc4 h5 56. R7a6 Ke7 57. Re1+ Ne4 58. Re6+ Kf8 59.
R6xe4 fxe4 60. Rxe4 Rb8 61. Bb3 Kg7 62. Kf3 Kf6 63. Rd4 Rb7 64. h4 Rb8 65. Rd6+
Kg7 66. f5 Rc8 67. Rd3 Kf6 68. Be6 Rb8 69. Rb3 Ke5 70. Ke3 Rb6 71. Kd3 Rd6+ 72.
Ke2 Rb6 73. Re3+ Kf6 74. Kd2 Rd6+ 75. Rd3 Rc6 76. Kd1 Ke5 77. Rd5+ Kf6 78. Rb5
Rd6+ 79. Kc2 Rd4 80. Kb3 Rxh4 81. Rxb4 Rh1 82. Kc4 h4 83. Rb2 h3 84. Bd5 Rg1
85. Be6 Rh1 86. Re2 Kg5 87. Kd4 Kg4 88. Ke4 Kh4 1-0

[Event "IX IBCA World Team Ch. for the Blind an"]
[Site "Ohrid, North Macedonia"]
[Date "2022.07.06"]
[Round "1.4"]
[White "Patev, Petko"]
[Black "Dyballa, Gerhard"]
[Result "1-0"]
[WhiteElo "1792"]
[BlackElo "1912"]
[PlyCount "84"]
[EventDate "2022.07.06"]
[EventType "team"]
[EventRounds "1"]
[EventCountry "MKD"]
[WhiteTeam "Bulgaria"]
[BlackTeam "Germany"]
[WhiteTeamCountry "BUL"]
[BlackTeamCountry "GER"]

1. e4 e6 2. d4 d5 3. Nd2 c5 4. c3 Nc6 5. dxc5 Bxc5 6. Nb3 Bb6 7. exd5 exd5 8.
Nf3 Nf6 9. Be2 O-O 10. O-O Ne4 11. Nbd4 Bg4 12. Be3 Re8 13. Re1 Qf6 14. Qb3
Nxd4 15. Nxd4 Bxe2 16. Rxe2 Rad8 17. Rae1 h6 18. Nf3 Re6 19. Nd4 Ree8 20. f3
Nc5 21. Qd1 Ne6 22. Bf2 Nc7 23. Rxe8+ Rxe8 24. Rxe8+ Nxe8 25. Qd3 Nc7 26. Qf5
Qxf5 27. Nxf5 Bxf2+ 28. Kxf2 Kf8 29. Ke3 Ne6 30. f4 a6 31. Nd6 b5 32. f5 Nc7
33. Kd4 Ke7 34. Kc5 f6 35. Kc6 Kd8 36. Nb7+ Kc8 37. Nc5 a5 38. Kb6 b4 39. Kxa5
bxc3 40. bxc3 d4 41. cxd4 Na8 42. a3 Kb8 1-0

[Event "IX IBCA World Team Ch. for the Blind an"]
[Site "Ohrid, North Macedonia"]
[Date "2022.07.06"]
[Round "1.1"]
[White "Turicnik, Vlado"]
[Black "Cajzler, Hinko"]
[Result "1/2-1/2"]
[WhiteElo "1961"]
[BlackElo "2081"]
[PlyCount "48"]
[EventDate "2022.07.06"]
[EventType "team"]
[EventRounds "1"]
[EventCountry "MKD"]
[WhiteTeam "Slovenia"]
[BlackTeam "Croatia"]
[WhiteTeamCountry "SLO"]
[BlackTeamCountry "CRO"]

1. e4 c6 2. d4 d5 3. Nc3 dxe4 4. Nxe4 g6 5. c3 Bg7 6. Be3 Nd7 7. Qd2 Nb6 8. Nf3
Qd5 9. Nc5 Nf6 10. b3 O-O 11. Be2 Ne4 12. Nxe4 Qxe4 13. O-O Rd8 14. Bd3 Qg4 15.
Bh6 Bh8 16. Rad1 Qd7 17. Rfe1 Nd5 18. c4 Nc7 19. Be4 Ne8 20. Ne5 Bxe5 21. dxe5
Qxd2 22. Rxd2 Rxd2 23. Bxd2 a5 24. Rd1 Be6 1/2-1/2

[Event "IX IBCA World Team Ch. for the Blind an"]
[Site "Ohrid, North Macedonia"]
[Date "2022.07.06"]
[Round "1.2"]
[White "Began, Branko"]
[Black "Znuderl, Matej"]
[Result "1/2-1/2"]
[WhiteElo "1824"]
[BlackElo "1879"]
[PlyCount "47"]
[EventDate "2022.07.06"]
[EventType "team"]
[EventRounds "1"]
[EventCountry "MKD"]
[WhiteTeam "Croatia"]
[BlackTeam "Slovenia"]
[WhiteTeamCountry "CRO"]
[BlackTeamCountry "SLO"]

1. d4 Nf6 2. Nf3 d5 3. c4 e6 4. Bg5 Be7 5. e3 O-O 6. Nc3 Nbd7 7. Bd3 dxc4 8.
Bxc4 c5 9. O-O h6 10. Bh4 b6 11. Qe2 Bb7 12. Rfd1 a6 13. a4 Re8 14. Ne5 Nxe5
15. dxe5 Nd5 16. Bg3 Nxc3 17. bxc3 Qc7 18. Rd2 a5 19. Rb1 Reb8 20. f3 Bc6 21.
Bb5 Rd8 22. Rdb2 Rab8 23. Bxc6 Qxc6 24. Rb5 1/2-1/2

[Event "IX IBCA World Team Ch. for the Blind an"]
[Site "Ohrid, North Macedonia"]
[Date "2022.07.06"]
[Round "1.3"]
[White "Muri, Emil"]
[Black "Drazetic, Novica"]
[Result "1-0"]
[WhiteElo "1782"]
[BlackElo "1605"]
[PlyCount "75"]
[EventDate "2022.07.06"]
[EventType "team"]
[EventRounds "1"]
[EventCountry "MKD"]
[WhiteTeam "Slovenia"]
[BlackTeam "Croatia"]
[WhiteTeamCountry "SLO"]
[BlackTeamCountry "CRO"]

1. Nf3 Nc6 2. d4 d5 3. Bf4 e6 4. e3 Bd6 5. Bg3 Nf6 6. c3 O-O 7. Bd3 h6 8. Nbd2
b6 9. Ne5 Bb7 10. Qe2 Nd7 11. f4 Ndxe5 12. fxe5 Be7 13. Qg4 Bg5 14. Bf4 Bxf4
15. exf4 Nxd4 16. cxd4 c5 17. O-O c4 18. Bc2 Ba6 19. Rf3 Qe7 20. f5 exf5 21.
Qxf5 g6 22. Qf6 Qxf6 23. Rxf6 Kg7 24. Nf1 Bc8 25. Rd6 Be6 26. Ne3 Rfd8 27. Rxd8
Rxd8 28. Bd1 Bc8 29. Bf3 Bb7 30. Rc1 b5 31. a4 b4 32. a5 Ba8 33. Kf2 Kf8 34.
Ke2 Ke7 35. Kd2 Ke6 36. Ra1 Rb8 37. g3 Rc8 38. Bg4+ 1-0

[Event "IX IBCA World Team Ch. for the Blind an"]
[Site "Ohrid, North Macedonia"]
[Date "2022.07.06"]
[Round "1.4"]
[White "Kljaic, Kresimir"]
[Black "Stimec, Marjan"]
[Result "0-1"]
[WhiteElo "1543"]
[BlackElo "1787"]
[PlyCount "52"]
[EventDate "2022.07.06"]
[EventType "team"]
[EventRounds "1"]
[EventCountry "MKD"]
[WhiteTeam "Croatia"]
[BlackTeam "Slovenia"]
[WhiteTeamCountry "CRO"]
[BlackTeamCountry "SLO"]

1. e4 e5 2. Bc4 Nc6 3. Nc3 Nf6 4. d3 h6 5. Nge2 a6 6. f4 d6 7. h3 Na5 8. Bb3
Nxb3 9. axb3 Be7 10. O-O c6 11. fxe5 dxe5 12. Be3 Be6 13. Qd2 Nd7 14. Ng3 g6
15. Bxh6 g5 16. Bg7 Rh7 17. Bxe5 Nxe5 18. Nf5 Qc7 19. Qe3 O-O-O 20. Qa7 Bxf5
21. Rxf5 Nd7 22. Qf2 g4 23. Rxf7 Rxf7 24. Qxf7 Bc5+ 25. Kh1 Qg3 26. Qg7 Bd6 0-1

[Event "IX IBCA World Team Ch. for the Blind an"]
[Site "Ohrid, North Macedonia"]
[Date "2022.07.06"]
[Round "1.1"]
[White "Selkovski, Zarko"]
[Black "Ymeri, Rinor"]
[Result "1-0"]
[WhiteElo "1967"]
[BlackElo "1603"]
[PlyCount "35"]
[EventDate "2022.07.06"]
[EventType "team"]
[EventRounds "1"]
[EventCountry "MKD"]
[WhiteTeam "North Macedonia"]
[BlackTeam "Kosovo"]
[BlackTeamCountry "KOS"]

1. e4 c5 2. Nf3 Nc6 3. d4 d6 4. Bb5 Bd7 5. dxc5 a6 6. Bxc6 Bxc6 7. cxd6 exd6 8.
Nc3 Nf6 9. Qd3 Be7 10. Bf4 O-O 11. h3 Re8 12. O-O-O h6 13. Rhe1 b5 14. Kb1 Qd7
15. Nd4 Bb7 16. Nf5 Bf8 17. Bxd6 Bxd6 18. Nxd6 1-0

[Event "IX IBCA World Team Ch. for the Blind an"]
[Site "Ohrid, North Macedonia"]
[Date "2022.07.06"]
[Round "1.2"]
[White "Gashi, Gani"]
[Black "Capanov, Mile"]
[Result "1/2-1/2"]
[WhiteElo "1738"]
[BlackElo "1951"]
[PlyCount "32"]
[EventDate "2022.07.06"]
[EventType "team"]
[EventRounds "1"]
[EventCountry "MKD"]
[WhiteTeam "Kosovo"]
[BlackTeam "North Macedonia"]
[WhiteTeamCountry "KOS"]

1. e4 c5 2. Nf3 e6 3. c3 d5 4. exd5 exd5 5. h3 Nc6 6. Qe2+ Be6 7. d4 Nf6 8. Qb5
Qb6 9. Qxb6 axb6 10. Bb5 Bd7 11. O-O Be7 12. Bf4 O-O 13. Ne5 Bd6 14. Nxc6 bxc6
15. Bxd6 cxb5 16. Bxf8 Kxf8 1/2-1/2

[Event "IX IBCA World Team Ch. for the Blind an"]
[Site "Ohrid, North Macedonia"]
[Date "2022.07.06"]
[Round "1.3"]
[White "Kostadinovski, Zoran"]
[Black "Berisha, Xhafer"]
[Result "1-0"]
[WhiteElo "1913"]
[BlackElo "1440"]
[PlyCount "37"]
[EventDate "2022.07.06"]
[EventType "team"]
[EventRounds "1"]
[EventCountry "MKD"]
[WhiteTeam "North Macedonia"]
[BlackTeam "Kosovo"]
[BlackTeamCountry "KOS"]

1. d4 d5 2. c4 c6 3. Nc3 e6 4. a4 Nf6 5. e3 Bb4 6. Bd3 Qa5 7. Bd2 O-O 8. Nge2
dxc4 9. Bxc4 Bd6 10. e4 e5 11. d5 Qb6 12. O-O Bg4 13. h3 Bh5 14. a5 Qc7 15. g4
Nxg4 16. Ng3 Qd7 17. Nxh5 Nh6 18. Kg2 f5 19. dxc6+ 1-0

[Event "IX IBCA World Team Ch. for the Blind an"]
[Site "Ohrid, North Macedonia"]
[Date "2022.07.06"]
[Round "1.4"]
[White "Tishuki, Daut"]
[Black "Atanasov, K.Sande"]
[Result "1/2-1/2"]
[WhiteElo "1557"]
[BlackElo "1853"]
[PlyCount "48"]
[EventDate "2022.07.06"]
[EventType "team"]
[EventRounds "1"]
[EventCountry "MKD"]
[WhiteTeam "Kosovo"]
[BlackTeam "North Macedonia"]
[WhiteTeamCountry "KOS"]

1. d4 d5 2. Nf3 Nf6 3. c4 c6 4. cxd5 cxd5 5. Nc3 Nc6 6. a3 e6 7. Bg5 Be7 8. e3
O-O 9. Bd3 h6 10. Bh4 Bd7 11. O-O Rc8 12. Ne5 Be8 13. f4 Nd7 14. Bxe7 Nxe7 15.
Qg4 f5 16. Qd1 Nf6 17. h3 Rc7 18. Rc1 Nc8 19. Nb5 Bxb5 20. Bxb5 Nd6 21. Qa4 a6
22. Bd3 Qc8 23. Rxc7 Qxc7 24. Kh2 Rc8 1/2-1/2

[Event "IX IBCA World Team Ch. for the Blind an"]
[Site "Ohrid, North Macedonia"]
[Date "2022.06.28"]
[Round "1.1"]
[White "Dimic, Pavle"]
[Black "Cajzler, Hinko"]
[Result "1/2-1/2"]
[WhiteElo "2356"]
[BlackElo "2081"]
[PlyCount "85"]
[EventDate "2022.06.28"]
[EventType "team"]
[EventRounds "7"]
[EventCountry "MKD"]
[WhiteTeam "Serbia"]
[BlackTeam "Croatia"]
[WhiteTeamCountry "SRB"]
[BlackTeamCountry "CRO"]

1. d4 Nf6 2. c4 e6 3. Nc3 c5 4. d5 exd5 5. cxd5 d6 6. e4 g6 7. f4 Bg7 8. Bb5+
Nfd7 9. Nf3 a6 10. Bd3 O-O 11. a4 b6 12. O-O Re8 13. Kh1 Ra7 14. Bd2 Nf6 15.
Be1 Nh5 16. Bh4 Bf6 17. Bxf6 Nxf6 18. f5 Nbd7 19. Qd2 Kg7 20. Rae1 Ne5 21. Nxe5
Rxe5 22. Re3 Ng4 23. Rg3 h5 24. Qf4 Qf6 25. h3 Nh6 26. Nd1 b5 27. axb5 axb5 28.
Bxb5 Ba6 29. Bxa6 Rxa6 30. Nc3 Rb6 31. Qc1 Qd8 32. fxg6 fxg6 33. Rgf3 Rb7 34.
Rf8 Re8 35. Rxe8 Qxe8 36. Qg5 Ng8 37. Ne2 Qe7 38. Qd2 Qxe4 39. Nf4 Qe5 40. Ne6+
Kh7 41. Nf8+ Kg7 42. Ne6+ Kh7 43. Nf8+ 1/2-1/2